<?xml version="1.0" encoding="UTF-8"?>
<record
    xmlns:xsi="http://www.w3.org/2001/XMLSchema-instance"
    xsi:schemaLocation="http://www.loc.gov/MARC21/slim http://www.loc.gov/standards/marcxml/schema/MARC21slim.xsd"
    xmlns="http://www.loc.gov/MARC21/slim">

  <leader>01436nam a22001817a 4500</leader>
  <controlfield tag="005">20210414113954.0</controlfield>
  <controlfield tag="008">120604t        xxu||||| |||| 00| 0 eng d</controlfield>
  <datafield tag="020" ind1=" " ind2=" ">
    <subfield code="a">10184480349x</subfield>
  </datafield>
  <datafield tag="050" ind1=" " ind2=" ">
    <subfield code="a">HF5635.D84</subfield>
  </datafield>
  <datafield tag="100" ind1=" " ind2=" ">
    <subfield code="a">Drury, Colin</subfield>
  </datafield>
  <datafield tag="245" ind1=" " ind2=" ">
    <subfield code="a">Cost and management accounting : an introduction. /</subfield>
    <subfield code="c">Colin Dury</subfield>
  </datafield>
  <datafield tag="250" ind1=" " ind2=" ">
    <subfield code="a">6th edition</subfield>
  </datafield>
  <datafield tag="260" ind1=" " ind2=" ">
    <subfield code="a">Australia:</subfield>
    <subfield code="b">Thomson,</subfield>
    <subfield code="c">2006.</subfield>
  </datafield>
  <datafield tag="300" ind1=" " ind2=" ">
    <subfield code="a">xxvi, 596 p. :</subfield>
    <subfield code="b">ill. ;</subfield>
    <subfield code="c">26cm.</subfield>
  </datafield>
  <datafield tag="500" ind1=" " ind2=" ">
    <subfield code="a">Includes index.</subfield>
  </datafield>
  <datafield tag="505" ind1=" " ind2=" ">
    <subfield code="a">Contents: Introduction to management and cost accounting : Introduction to management accounting -- An introduction to cost terms and concepts -- Cost accumulation for inventory valuation and profit measurement : Accounting for direct costs -- Cost assignment for indirect costs -- Accounting entries for a job costing system -- Process costing -- Joint and by-product costing -- Income effects of alternative cost accumulation systems -- Information for decision-making : Cost-volume-profit analysis -- Cost estimation and cost behavior -- Measuring relevant costs and revenues for decision-making -- The Application of linear programming to management accounting -- Activity-based costing -- Decision- making under conditions of risk and uncertainty -- Capital investment decisions -- Information for planning, control and performance measurement : The Budgeting process -- Management control systems -- Standard costing and variance analysis.</subfield>
  </datafield>
  <datafield tag="942" ind1=" " ind2=" ">
    <subfield code="2">lcc</subfield>
    <subfield code="c">BK</subfield>
  </datafield>
  <datafield tag="999" ind1=" " ind2=" ">
    <subfield code="c">1070</subfield>
    <subfield code="d">8570</subfield>
  </datafield>
  <datafield tag="952" ind1=" " ind2=" ">
    <subfield code="0">0</subfield>
    <subfield code="1">0</subfield>
    <subfield code="2">lcc</subfield>
    <subfield code="4">0</subfield>
    <subfield code="7">0</subfield>
    <subfield code="a">WIUC-1</subfield>
    <subfield code="b">WIUC-1</subfield>
    <subfield code="c">GEN</subfield>
    <subfield code="d">2012-06-04</subfield>
    <subfield code="l">0</subfield>
    <subfield code="o">HF5635.D84</subfield>
    <subfield code="p">2800/12</subfield>
    <subfield code="r">2012-06-04 00:00:00</subfield>
    <subfield code="t">1</subfield>
    <subfield code="w">2012-06-04</subfield>
    <subfield code="y">BK</subfield>
  </datafield>
  <datafield tag="952" ind1=" " ind2=" ">
    <subfield code="0">0</subfield>
    <subfield code="1">0</subfield>
    <subfield code="2">lcc</subfield>
    <subfield code="4">0</subfield>
    <subfield code="7">0</subfield>
    <subfield code="a">WIUC-1</subfield>
    <subfield code="b">WIUC-1</subfield>
    <subfield code="c">GEN</subfield>
    <subfield code="d">2012-06-04</subfield>
    <subfield code="l">0</subfield>
    <subfield code="o">HF5635.D841</subfield>
    <subfield code="p">2801/12</subfield>
    <subfield code="r">2012-06-04 00:00:00</subfield>
    <subfield code="t">2</subfield>
    <subfield code="w">2012-06-04</subfield>
    <subfield code="y">BK</subfield>
  </datafield>
  <datafield tag="952" ind1=" " ind2=" ">
    <subfield code="0">0</subfield>
    <subfield code="1">0</subfield>
    <subfield code="2">lcc</subfield>
    <subfield code="4">0</subfield>
    <subfield code="7">0</subfield>
    <subfield code="a">WIUC-1</subfield>
    <subfield code="b">WIUC-1</subfield>
    <subfield code="c">GEN</subfield>
    <subfield code="d">2012-06-04</subfield>
    <subfield code="l">0</subfield>
    <subfield code="o">HF5635.D842</subfield>
    <subfield code="p">2802/12</subfield>
    <subfield code="r">2012-06-04 00:00:00</subfield>
    <subfield code="t">3</subfield>
    <subfield code="w">2012-06-04</subfield>
    <subfield code="y">BK</subfield>
  </datafield>
</record>
